Normal view
MARC view
- Pettit, F.R
Entry Personal Name
001 - CONTROL NUMBER
- control field: 104250
003 - CONTROL NUMBER IDENTIFIER
- control field: NUST
005 - DATE AND TIME OF LATEST TRANSACTION
- control field: 20221206132054.0
008 - FIXED-LENGTH DATA ELEMENTS
- fixed length control field: 221206|| aca||aabn | a|a d
040 ## - CATALOGING SOURCE
- Original cataloging agency: NUST
- Transcribing agency: NUST
100 ## - HEADING--PERSONAL NAME
- Personal name: Pettit, F.R
670 ## - SOURCE DATA FOUND
- Source citation: Work cat.: (NUST): Pettit, F.R., Serviving transistor receivers /, 1963
